[Event "London Classic Open 2017"]
[Site "London ENG"]
[Date "2017.12.04"]
[Round "4.123"]
[White "Solli, Oddvar"]
[Black "Lie, Terje"]
[Result "1/2-1/2"]
[WhiteElo "1784"]
[BlackElo "1527"]
[WhiteFideId "1501208"]
[BlackFideId "1504916"]
[EventDate "2017.12.02"]

1. Nf3 Nf6 2. c4 e6 3. g3 c5 4. Bg2 Nc6 5. O-O Be7 6. Nc3 O-O 7. d4 cxd4 8. Nxd4
Nxd4 9. Qxd4 Qc7 10. Nb5 Qc5 11. Qd3 d5 12. cxd5 Nxd5 13. Bxd5 exd5 14. Be3 Qc4
15. Rfd1 b6 16. Qxd5 Be6 17. Qxc4 Bxc4 18. Nd4 Bf6 19. b3 Bxd4 20. Rxd4 Bxe2 21.
Kg2 Rfe8 22. Rd7 Kf8 23. Rc1 Re7 24. Rcc7 Rxd7 25. Rxd7 Bb5 26. Rc7 Bd3 27. Kf3
Bb1 28. a3 Ba2 29. b4 Bd5+ 30. Kf4 h5 31. Kg5 Bf3 32. Bf4 b5 33. Bd6+ Kg8 34.
Rc3 Be2 35. f3 g6 36. f4 Bg4 37. Rc5 a6 38. Be5 Bf5 39. Kh4 Be6 40. h3 Kf8 41.
Bf6 Rc8 42. Rxc8+ Bxc8 43. g4 hxg4 44. hxg4 Ke8 45. Kg3 Kd7 46. f5 Kd6 47. fxg6
fxg6 48. Kf4 Kd5 49. Bb2 Kc4 50. g5 Kb3 51. Bc1 Kc2 52. Be3 Kb2 53. Ke5 Kxa3 54.
Bc5 Ka4 55. Kd4 a5 56. bxa5 Kxa5 57. Kc3 Be6 58. Bd6 Kb6 59. Bb4 Kc6 60. Kd4 Kd7
61. Ke5 Bc4 62. Bd6 Kc6 63. Bb4 Kd7 64. Bd6 Ke8 65. Bb4 Bd3 66. Bc5 Kd7 67. Bd6
Ke8 68. Bc5 Kd7 69. Bd6 Kc6 70. Bb4 Kb6 71. Kd4 Bc4 72. Ke5 Kc6 73. Be7 Kb7 74.
Bc5 Ka6 75. Bb4 Kb6 76. Kd6 Bd3 77. Kd5 Ka6 78. Kc5 Kb7 79. Ba5 Kc8 80. Kd6 Bf5
81. Bb4 Kd8 82. Ba5+ Ke8 83. Bb4 Bd3 84. Ke6 Bf5+ 85. Kd6 Kf7 86. Ke5 Be6 87.
Bd6 Bc4 88. Bc5 Bd3 1/2-1/2

[Event "London Classic Open 2017"]
[Site "London ENG"]
[Date "2017.12.04"]
[Round "4.124"]
[White "McManus, Gordon"]
[Black "Chilton, James I"]
[Result "1/2-1/2"]
[WhiteElo "1470"]
[BlackElo "1772"]
[WhiteFideId "432857"]
[BlackFideId "423009"]
[EventDate "2017.12.02"]

1. d4 f5 2. Nc3 Nf6 3. Bg5 d5 4. Bxf6 exf6 5. e3 Be6 6. Bd3 c6 7. Nge2 Bd6 8.
Ng3 g6 9. a3 Nd7 10. Nge2 Qc7 11. g3 g5 12. Qd2 b5 13. f4 Nb6 14. Kf2 Nc4 15.
Bxc4 bxc4 16. Na4 Kf7 17. b4 cxb3 18. cxb3 Qe7 19. b4 h5 20. h4 g4 21. Rhc1 Bd7
22. Nc5 Bxc5 23. Rxc5 Qe4 24. Ng1 Rhe8 25. Rac1 a6 26. R1c3 Reb8 27. Qd3 Qh1 28.
Qf1 Qe4 29. Qd3 Ke6 30. Qxe4+ fxe4 31. Ne2 f5 32. Nc1 Rb5 33. Nb3 Kd6 34. Na5
Rb6 35. Ke2 Rab8 36. Kd2 Be8 37. Kc2 Kd7 1/2-1/2

[Event "London Classic Open 2017"]
[Site "London ENG"]
[Date "2017.12.04"]
[Round "4.125"]
[White "Mohnblatt, Daniel"]
[Black "Munkhdemberel, Pagamdulam"]
[Result "1-0"]
[WhiteElo "1734"]
[BlackElo "1175"]
[WhiteFideId "648582"]
[BlackFideId "4907043"]
[EventDate "2017.12.02"]

1. d4 Nf6 2. Nf3 g6 3. c4 Bg7 4. e3 e6 5. Be2 d6 6. Nc3 Bd7 7. O-O O-O 8. Qc2
Nc6 9. a3 d5 10. b4 a6 11. Bb2 dxc4 12. Bxc4 b5 13. Be2 Nd5 14. Ne4 h6 15. Nc5
Ra7 16. Rfd1 Qc8 17. Rac1 Nb6 18. Nxd7 Qxd7 19. Qxc6 Qd8 20. Ne5 Kh8 21. Qe4 Ra8
22. Rc2 Rc8 23. Rdc1 Nd5 24. Bf3 Kg8 25. Qd3 Nxb4 26. axb4 Bxe5 27. Qa3 Bd6 28.
Qxa6 Rb8 29. Qa3 Qe7 30. Qb3 Rfc8 31. d5 e5 32. Qc3 Bxb4 33. Qxe5 Qxe5 34. Bxe5
Ba5 35. d6 Rb6 36. d7 Rd8 37. Bxc7 Rxd7 38. Bxb6 Bxb6 39. Bc6 Rd6 40. Bxb5 Ba5
41. g3 Bb4 42. Rb1 Ba3 43. Rc3 1-0

[Event "London Classic Open 2017"]
[Site "London ENG"]
[Date "2017.12.04"]
[Round "4.126"]
[White "Perez Bolanos, David"]
[Black "Ainsworth, George"]
[Result "0-1"]
[WhiteElo "1496"]
[BlackElo "1734"]
[WhiteFideId "24564400"]
[BlackFideId "449636"]
[EventDate "2017.12.02"]

1. d4 d5 2. c4 e6 3. Nc3 c5 4. cxd5 cxd4 5. Qxd4 Nc6 6. Qd1 exd5 7. Qxd5 Be6 8.
Qxd8+ Rxd8 9. e3 Nb4 10. Bb5+ Ke7 11. Ba4 Bc4 12. Nge2 b5 13. Bd1 Nd3+ 14. Kf1
b4 15. Na4 g6 16. g3 Bg7 17. Kg2 g5 18. Bb3 Bb5 19. Nd4 Bxd4 20. exd4 Rxd4 21.
Bxg5+ f6 22. Be3 Rd7 23. Nc5 Nxc5 24. Bxc5+ Kd8 25. Rhd1 Nh6 26. Rxd7+ Kxd7 27.
Rd1+ Kc7 28. Bxb4 Re8 29. a4 Bc6+ 30. Kg1 Kb7 31. Bd5 Re2 32. Bxc6+ Kxc6 33.
Rd6+ Kb7 34. Rd2 Rxd2 35. Bxd2 Ng4 36. h3 Ne5 37. Kf1 Kc6 38. Ke2 f5 39. Be3 a6
40. Kd2 Kd5 41. Kc3 a5 42. Bb6 Nc6 43. f3 h6 44. g4 Ne5 45. f4 fxg4 46. fxe5
gxh3 47. Bg1 Kxe5 48. Kc4 Kf4 49. Kb5 Kg3 50. Kxa5 Kg2 51. Be3 h2 52. Bxh6 h1=Q
53. Bd2 Qh5+ 54. Kb6 Qg6+ 55. Kb5 Qe8+ 56. Kb4 Qe7+ 57. Kc4 Qc7+ 58. Kb4 Qd6+
59. Kc3 Qc5+ 60. Kb3 Qd5+ 61. Kc3 Qa5+ 62. Kc2 Qxa4+ 63. b3 Qb5 0-1

[Event "London Classic Open 2017"]
[Site "London ENG"]
[Date "2017.12.04"]
[Round "4.127"]
[White "Islam, Mohammed"]
[Black "Lee, Chulwoo"]
[Result "1-0"]
[WhiteElo "1731"]
[BlackElo "1607"]
[WhiteFideId "10211870"]
[BlackFideId "34117277"]
[EventDate "2017.12.02"]

1. d4 d5 2. c4 e6 3. Nf3 Nf6 4. e3 Be7 5. Bd3 Nc6 6. a3 a5 7. O-O b6 8. cxd5
exd5 9. Bb5 Bd7 10. Qc2 Na7 11. Bd3 h6 12. Ne5 Bd6 13. Nc3 Be6 14. f4 c6 15. f5
Bd7 16. e4 dxe4 17. Nxe4 Be7 18. Bc4 Nd5 19. Qb3 O-O 20. f6 Nxf6 21. Bxf7+ Kh7
22. Ng5+ hxg5 23. Qd3+ Kh8 24. Ng6+ Kh7 25. Nxf8+ Kh8 26. Qh7+ 1-0

[Event "London Classic Open 2017"]
[Site "London ENG"]
[Date "2017.12.04"]
[Round "4.128"]
[White "Cotter, Len"]
[Black "Perez Bolanos, Joel"]
[Result "1/2-1/2"]
[WhiteElo "1700"]
[BlackElo "1519"]
[WhiteFideId "431419"]
[BlackFideId "24564419"]
[EventDate "2017.12.02"]

1. d4 Nf6 2. Nf3 g6 3. g3 Bg7 4. Bg2 O-O 5. O-O d6 6. c4 Nfd7 7. Nc3 e5 8. d5 f5
9. e4 f4 10. Qc2 g5 11. b4 Bf6 12. h3 h5 13. g4 hxg4 14. hxg4 Na6 15. Nh2 Nxb4
16. Qe2 Na6 17. f3 Nac5 18. Kf2 Kf7 19. Rh1 Rh8 20. Ba3 1/2-1/2

[Event "London Classic Open 2017"]
[Site "London ENG"]
[Date "2017.12.04"]
[Round "4.129"]
[White "Dror, Levi"]
[Black "Hung, Dylan"]
[Result "1-0"]
[WhiteElo "1677"]
[BlackElo "1400"]
[WhiteFideId "2809583"]
[BlackFideId "426423"]
[EventDate "2017.12.02"]

1. e4 c6 2. d4 d5 3. e5 Bf5 4. Be3 e6 5. Nd2 Nd7 6. Ngf3 f6 7. Be2 Ne7 8. O-O
Ng6 9. exf6 Nxf6 10. c4 Bd6 11. c5 Bc7 12. b4 O-O 13. a4 e5 14. dxe5 Nxe5 15.
Bd4 Nfd7 16. Ra3 Nxf3+ 17. Nxf3 b6 18. cxb6 axb6 19. Qc1 Rc8 20. g3 Qe7 21. Ba6
Rb8 22. Qxc6 Qxb4 23. Qxd5+ Kh8 24. Rfa1 Rbd8 25. Rb3 Qa5 26. Qc4 Nc5 27. Bxc5
Qxc5 28. Qxc5 bxc5 29. Bc4 Bc2 30. Rc3 Rd1+ 31. Rxd1 Bxd1 32. Ng5 Bxa4 33. Ne6
Be5 34. Re3 Bd4 35. Nxf8 Bxe3 36. fxe3 g6 37. Ne6 Bc6 38. Nxc5 Kg7 39. Kf2 Kf6
40. Nd3 Be4 41. Nc5 1-0

[Event "London Classic Open 2017"]
[Site "London ENG"]
[Date "2017.12.04"]
[Round "4.131"]
[White "Thatte, Nishchal"]
[Black "Othman, Wael"]
[Result "1-0"]
[WhiteElo "1617"]
[BlackElo "1343"]
[WhiteFideId "447234"]
[BlackFideId "10302158"]
[EventDate "2017.12.02"]

1. e4 d6 2. d4 g6 3. Nf3 Bg7 4. Bc4 Be6 5. Bxe6 fxe6 6. Ng5 Qd7 7. d5 exd5 8.
Qxd5 e6 9. Qxe6+ Qxe6 10. Nxe6 Na6 11. Nxg7+ Kf7 12. b3 Nb4 13. Kd1 h6 14. f4
Rh7 15. Bb2 Nf6 16. e5 Nbd5 17. exf6 Nxf6 18. Bxf6 Kxf6 19. Nc3 Kxg7 20. Re1 Kh8
21. Kd2 c6 22. Re6 d5 23. Rae1 Rg7 24. Re7 d4 25. Nd1 c5 26. Rxg7 Kxg7 27. Re7+
Kf6 28. Rxb7 Kf5 29. Rf7+ Ke6 30. Rc7 Kd5 31. Rg7 Ke4 32. Rxg6 Kxf4 33. Rxh6 Rg8
34. Rf6+ Ke4 35. Rf2 a5 36. a4 Rh8 37. h3 Rh5 38. Nb2 Kd5 39. Nc4 Rg5 40. Nxa5
Rh5 41. Nc4 Rg5 42. Nb2 Rh5 43. Nd3 Kc6 44. Rf6+ Kd7 45. Rb6 Rg5 46. g4 Kc7 47.
Rb5 Rg8 48. Rxc5+ Kb6 49. Rd5 Rh8 50. Nf2 Rf8 51. Rf5 Rc8 52. Rf4 Rd8 53. Kd3
Kc5 54. b4+ Kb6 55. Rxd4 Rf8 56. Ke3 Re8+ 57. Re4 Rc8 58. c4 Ka6 59. Nd3 Rf8 60.
Nc5+ Ka7 61. Re7+ Ka8 62. Ne6 Rf1 63. Ke2 Ra1 64. a5 Ra2+ 65. Kd3 Ra3+ 66. Kd4
Rxh3 67. Kc5 Rh8 68. Re8+ Rxe8 69. Nc7+ Kb7 70. Nxe8 Ka7 71. g5 Kb7 72. g6 Kc8
73. Kc6 Kd8 74. Kd6 Kxe8 75. Ke6 Kf8 76. Kf6 Kg8 77. a6 Kf8 78. a7 Ke8 79. Ke6
Kd8 80. Kd6 Kc8 81. a8=Q# 1-0

[Event "London Classic Open 2017"]
[Site "London ENG"]
[Date "2017.12.05"]
[Round "5.1"]
[White "Melkumyan, Hrant"]
[Black "Nihal, Sarin"]
[Result "1-0"]
[WhiteTitle "GM"]
[BlackTitle "IM"]
[WhiteElo "2633"]
[BlackElo "2507"]
[WhiteFideId "13302485"]
[BlackFideId "25092340"]
[EventDate "2017.12.02"]

1. d4 Nf6 2. Nf3 d5 3. c4 e6 4. g3 Bb4+ 5. Bd2 Be7 6. Bg2 O-O 7. O-O Nbd7 8. Nc3
c6 9. Bf4 Nh5 10. Bc1 Nhf6 11. Nd2 c5 12. cxd5 cxd4 13. dxe6 dxc3 14. exd7 cxb2
15. Bxb2 Bxd7 16. Nb3 a5 17. Rc1 Ra7 18. Nc5 Bxc5 19. Rxc5 b6 20. Rc1 Be6 21.
Qc2 Rd7 22. Rfd1 Rxd1+ 23. Rxd1 Qc8 24. Qd2 Qc4 25. a3 Qb3 26. Rc1 b5 27. Rc5
Nd7 28. Qd4 f6 29. Rc6 Bf7 30. f4 b4 31. axb4 Qxb4 32. Kf2 Re8 33. Rc7 Nf8 34.
Rb7 Qxd4+ 35. Bxd4 a4 36. Ra7 Bb3 37. f5 Rd8 38. e3 Rc8 39. g4 h6 40. h4 Nh7 41.
Kg3 Rf8 42. Bc6 Rf7 43. Ra6 Rf8 44. Kf4 Rd8 45. Ra7 Kh8 46. Bb2 Rc8 47. Bd7 Rd8
48. Ba3 Nf8 49. Bb5 Nh7 50. Be7 Rb8 51. Bc6 Rc8 52. Bd7 Rb8 53. e4 Nf8 54. Bc6
Rc8 55. Bd5 Nh7 56. Ke3 Re8 57. Kd4 Rc8 58. Bb7 Rg8 59. Kc5 Re8 60. Kd6 Nf8 61.
Bd5 Nh7 62. Kd7 Rb8 63. Bd6 Nf8+ 64. Kc7 Re8 65. Bc6 1-0

[Event "London Classic Open 2017"]
[Site "London ENG"]
[Date "2017.12.05"]
[Round "5.2"]
[White "Vakhidov, Jakhongir"]
[Black "Jones, Gawain C B"]
[Result "1-0"]
[WhiteTitle "GM"]
[BlackTitle "GM"]
[WhiteElo "2500"]
[BlackElo "2654"]
[WhiteFideId "14201801"]
[BlackFideId "409561"]
[EventDate "2017.12.02"]

1. d4 Nf6 2. c4 e6 3. g3 c5 4. d5 exd5 5. cxd5 d6 6. Nc3 g6 7. Bg2 Bg7 8. Nf3
O-O 9. O-O Re8 10. Re1 a6 11. a4 Nbd7 12. Qc2 Rb8 13. Bf4 Qc7 14. a5 b5 15. axb6
Rxb6 16. h3 Rb4 17. e4 a5 18. Nd2 Ba6 19. Nb3 Nh5 20. Bc1 a4 21. Nxa4 c4 22. Nd2
Ne5 23. Re3 Qb7 24. Nf1 Bb5 25. Rea3 Nd3 26. Bd2 Bd4 27. Bxb4 Nxb4 28. Qd2 Nd3
29. Kh2 f5 30. exf5 gxf5 31. Nc3 Bd7 32. b3 Bc5 33. bxc4 Nxf2 34. Ra5 Qc8 35.
Ra8 Qxa8 36. Rxa8 Rxa8 37. Nb5 Nf6 38. Nxd6 N6g4+ 39. hxg4 Nxg4+ 40. Kh3 Nf2+
41. Kh4 Bxd6 42. Qxf2 Ra6 43. Bf3 f4 44. gxf4 Bxf4 45. d6 Rxd6 46. Bd5+ Kg7 47.
Qxf4 Rh6+ 48. Kg3 Rg6+ 49. Kh2 1-0

[Event "London Classic Open 2017"]
[Site "London ENG"]
[Date "2017.12.05"]
[Round "5.3"]
[White "Bilguun, Sumiya"]
[Black "Grandelius, Nils"]
[Result "1/2-1/2"]
[WhiteTitle "IM"]
[BlackTitle "GM"]
[WhiteElo "2459"]
[BlackElo "2647"]
[WhiteFideId "4901541"]
[BlackFideId "1710400"]
[EventDate "2017.12.02"]

1. e4 c5 2. Nf3 d6 3. d4 cxd4 4. Nxd4 Nf6 5. Nc3 g6 6. f3 a6 7. Be3 b5 8. Qd2
Bb7 9. O-O-O h5 10. a3 Nbd7 11. Kb1 Rc8 12. h3 Bg7 13. Bd3 Ne5 14. g4 Nfd7 15.
f4 Nc4 16. Bxc4 Rxc4 17. gxh5 Rxh5 18. f5 Ne5 19. fxg6 Nxg6 20. Rhg1 Qd7 21. h4
Bxd4 22. Bxd4 Rxh4 23. Qf2 Rxe4 24. Nxe4 Bxe4 25. Bc3 Qf5 26. Qd2 a5 27. Rg5 Qd7
28. b3 Rc8 29. Rc1 a4 30. Kb2 Qc6 31. Rg4 d5 32. Rg3 f6 33. Bb4 Qd7 34. Rc3 Rxc3
35. Bxc3 e5 36. Bb4 Nf4 37. Rg1 Kf7 38. Qh2 Qh3 39. Qf2 d4 40. Rg3 Qc8 41. Qd2
axb3 42. cxb3 Qc6 43. Qd1 d3 44. Bd2 Ne2 45. Re3 f5 46. Bb4 Ke6 47. Rxe2 dxe2
48. Qxe2 Qd5 49. Qh2 f4 50. Qh6+ Kf7 51. Qf8+ Kg6 52. Qe8+ Kg5 53. Bc3 f3 54.
Qe7+ Kh5 55. Qf6 Bg6 56. a4 Qe4 57. Bxe5 Qe2+ 58. Ka3 f2 59. Qh8+ Kg4 60. Qc8+
Kf3 61. Qh3+ Ke4 62. Qh4+ Kd3 63. Qd4+ Kc2 64. Qb2+ Kd1 65. Qa1+ Kc2 66. Qb2+ 1/2-1/2

[Event "London Classic Open 2017"]
[Site "London ENG"]
[Date "2017.12.05"]
[Round "5.4"]
[White "Cornette, Matthieu"]
[Black "Bartholomew, John"]
[Result "1-0"]
[WhiteTitle "GM"]
[BlackTitle "IM"]
[WhiteElo "2606"]
[BlackElo "2448"]
[WhiteFideId "620084"]
[BlackFideId "2019353"]
[EventDate "2017.12.02"]

1. d4 d5 2. c4 c6 3. cxd5 cxd5 4. Bg5 Qb6 5. Nc3 Nc6 6. Qd2 h6 7. Bh4 g5 8. Bg3
Nf6 9. e3 Bf5 10. Be5 Nxe5 11. dxe5 Ne4 12. Qxd5 Nxc3 13. bxc3 Bg7 14. Bb5+ Kf8
15. Nf3 Be6 16. Qd3 Rd8 17. Nd4 Bxe5 18. O-O Kg7 19. Kh1 Bc8 20. Rab1 Qc7 21.
Qe4 Bf6 22. Rb3 b6 23. Bc6 Rd6 24. Ba4 a6 25. Rbb1 e6 26. f4 Rd5 27. Qd3 Rc5 28.
Rbc1 Bb7 29. Bb3 Rd8 30. Bc2 Rh8 31. Nxe6+ fxe6 32. Qg6+ Kf8 33. Qxf6+ Kg8 34.
fxg5 Bxg2+ 35. Kxg2 Rxg5+ 36. Kh1 1-0

[Event "London Classic Open 2017"]
[Site "London ENG"]
[Date "2017.12.05"]
[Round "5.5"]
[White "Zhou, Yang-Fan"]
[Black "Hawkins, Jonathan"]
[Result "0-1"]
[WhiteTitle "IM"]
[BlackTitle "GM"]
[WhiteElo "2459"]
[BlackElo "2579"]
[WhiteFideId "468584"]
[BlackFideId "412686"]
[EventDate "2017.12.02"]

1. e4 c6 2. d4 d5 3. Nc3 dxe4 4. Nxe4 Nd7 5. Ng5 Ngf6 6. Bd3 e6 7. N1f3 Bd6 8.
Qe2 h6 9. Ne4 Nxe4 10. Qxe4 Nf6 11. Qe2 Qc7 12. Bd2 b6 13. Ne5 c5 14. Bb5+ Ke7
15. O-O-O Bb7 16. dxc5 Qxc5 17. f4 Rhd8 18. a3 Qc7 19. Bd3 Rac8 20. Kb1 Kf8 21.
Rhf1 Kg8 22. Bc1 b5 23. g4 Nd5 24. g5 hxg5 25. Nxf7 Qxf7 26. fxg5 Nf4 27. Bxf4
Bxf4 28. Qg4 e5 29. Bf5 Rxd1+ 30. Rxd1 Re8 31. Qh3 g6 32. Rd7 Bg2 33. Bxg6 Qxg6
34. Qxg2 e4 35. h4 a6 36. Rd4 Qh5 37. c4 Be3 38. Rd7 Qf3 39. Qc2 Qf1+ 40. Rd1
Qxc4 41. Qh2 Bc5 42. Qc7 e3 43. g6 Re7 44. Qd8+ Kg7 45. h5 e2 46. Re1 Qh4 47.
Qd2 Qxh5 48. Ka1 Bf2 49. Qc3+ Kxg6 50. Qc6+ Kf7 0-1

[Event "London Classic Open 2017"]
[Site "London ENG"]
[Date "2017.12.05"]
[Round "5.6"]
[White "Akash Pc, Iyer"]
[Black "Donchenko, Alexander"]
[Result "0-1"]
[BlackTitle "GM"]
[WhiteElo "2390"]
[BlackElo "2569"]
[WhiteFideId "5006775"]
[BlackFideId "24603295"]
[EventDate "2017.12.02"]

1. d4 Nf6 2. c4 e6 3. Nc3 Bb4 4. e3 O-O 5. Bd3 d5 6. Nf3 c5 7. O-O Nc6 8. a3
Bxc3 9. bxc3 dxc4 10. Bxc4 Qc7 11. Ba2 Rd8 12. Bb2 h6 13. Qe2 e5 14. h3 Qe7 15.
Rfd1 Bf5 16. Rac1 Rac8 17. d5 Nb8 18. c4 Nbd7 19. Nh4 Bh7 20. Bb1 e4 21. g3 Ne5
22. f4 Nd3 23. Rc2 b5 24. cxb5 Nxb2 25. Rxb2 c4 26. Rbd2 Qxa3 27. Rd4 c3 28. Bc2
Qc5 29. d6 Rd7 30. Ba4 Qb6 31. Ng2 h5 32. g4 hxg4 33. hxg4 Rcd8 34. g5 Ne8 35.
Qc4 Rxd6 36. Rxd6 Rxd6 37. Rxd6 Nxd6 38. Qxc3 Bf5 39. Kf2 Nxb5 40. Qe5 Nd6 41.
Nh4 g6 42. Nxf5 gxf5 43. Qc3 a5 44. Bb3 Qb4 45. Qxb4 axb4 46. g6 Kg7 47. gxf7
Nxf7 48. Ke2 Kg6 49. Kd2 Nd6 50. Bd5 Kh5 51. Be6 Kg4 52. Ke2 Nb7 53. Bg8 Nc5 54.
Kd2 b3 55. Ke2 b2 56. Ba2 Na6 57. Bb1 Nb4 58. Kf2 Nd5 0-1

[Event "London Classic Open 2017"]
[Site "London ENG"]
[Date "2017.12.05"]
[Round "5.7"]
[White "Fodor, Tamas Jr."]
[Black "Elsness, Frode"]
[Result "1/2-1/2"]
[WhiteTitle "GM"]
[BlackTitle "IM"]
[WhiteElo "2496"]
[BlackElo "2477"]
[WhiteFideId "723762"]
[BlackFideId "1501100"]
[EventDate "2017.12.02"]

1. d4 Nf6 2. c4 e6 3. Nc3 Bb4 4. Qc2 d5 5. cxd5 Qxd5 6. e3 c5 7. Bd2 Bxc3 8.
Bxc3 cxd4 9. Bxd4 Nc6 10. Bc3 O-O 11. Nf3 Rd8 12. Be2 Qe4 13. Rc1 Qxc2 14. Rxc2
Nd5 15. a3 Nxc3 16. Rxc3 e5 17. Bb5 Bd7 18. O-O Nd4 19. exd4 Bxb5 20. Rd1 e4 21.
Ne1 Kf8 22. f3 Bc6 23. fxe4 Bxe4 24. Nf3 f6 25. Rc7 Rac8 26. Rdc1 Bc6 27. Rxc8
Rxc8 28. Kf2 Re8 29. b3 Re6 30. Nd2 Rd6 31. Nf3 Re6 32. Nd2 g5 33. Nc4 Re4 34.
Rd1 Rf4+ 35. Kg1 Ke7 36. a4 Bd5 37. Rd3 h5 38. Ne3 Kd6 39. Rc3 Bf7 40. g3 Re4
41. Kf2 Kd7 42. Rd3 Bg6 43. Rd2 Re8 44. Nc4 Bf7 45. d5 b6 46. Rd3 Re4 47. Ne3
Re5 48. Rd4 Re8 49. Rb4 Re5 50. a5 Bxd5 51. axb6 axb6 52. Rxb6 Bc6 53. Rb4 Ra5
54. Rd4+ Ke7 55. Rd2 f5 56. b4 Rb5 57. Rd4 Be4 58. Nd1 Rd5 59. Ke3 Rxd4 60. Kxd4
Kd6 61. Ne3 Bb1 62. b5 f4 63. gxf4 gxf4 64. Nc4+ Kc7 65. Nd2 Bc2 66. Ke5 Bd3 67.
Kxf4 Bxb5 68. Kg5 Be2 1/2-1/2

[Event "London Classic Open 2017"]
[Site "London ENG"]
[Date "2017.12.05"]
[Round "5.8"]
[White "Houska, Jovanka"]
[Black "Motylev, Alexander"]
[Result "0-1"]
[WhiteTitle "IM"]
[BlackTitle "GM"]
[WhiteElo "2407"]
[BlackElo "2675"]
[WhiteFideId "405094"]
[BlackFideId "4121830"]
[EventDate "2017.12.02"]

1. d4 d5 2. Nf3 c6 3. c4 e6 4. Nbd2 Nf6 5. e3 Nbd7 6. b3 b6 7. Bb2 Bb7 8. Bd3
Be7 9. O-O O-O 10. Qe2 c5 11. Rfd1 Ne4 12. cxd5 exd5 13. dxc5 Nexc5 14. Nf1 Nxd3
15. Qxd3 Nc5 16. Qe2 Rc8 17. Ng3 Ba6 18. Qd2 Nd3 19. Bc3 Re8 20. Nf5 Bf8 21. Ne1
Nc5 22. Qb2 Qg5 23. Rxd5 Qg6 24. Nf3 Nd3 25. Qd2 Qc6 26. Rxd3 Bxd3 27. Qxd3 Qxc3
28. Qd1 Qc2 29. N5d4 Qxd1+ 30. Rxd1 Red8 31. Ne1 g6 32. Rb1 Rc3 33. Kf1 Rdc8 34.
Ke2 Bg7 35. Nb5 R3c5 36. a4 a6 37. Nd6 Rc1 38. Nxc8 Rxb1 39. Nxb6 Rxb3 40. a5
Bc3 41. Nc4 Rb4 0-1

[Event "London Classic Open 2017"]
[Site "London ENG"]
[Date "2017.12.05"]
[Round "5.9"]
[White "Sargissian, Gabriel"]
[Black "Hansen, Torbjorn Ringdal"]
[Result "1-0"]
[WhiteTitle "GM"]
[BlackTitle "GM"]
[WhiteElo "2672"]
[BlackElo "2408"]
[WhiteFideId "13300881"]
[BlackFideId "1501720"]
[EventDate "2017.12.02"]

1. d4 Nf6 2. Nf3 g6 3. g3 Bg7 4. Bg2 O-O 5. O-O d6 6. b3 e5 7. dxe5 dxe5 8. Ba3
Qxd1 9. Rxd1 Re8 10. c4 Nc6 11. Nc3 e4 12. Ne1 e3 13. f3 Bf5 14. g4 Be6 15. Bb2
h5 16. h3 Nd7 17. Nc2 f5 18. Nxe3 Bd4 19. Rxd4 Nxd4 20. gxf5 Bxf5 21. Nxf5 Nxe2+
22. Kf2 Nxc3 23. Nd4 c5 24. Bxc3 cxd4 25. Bxd4 Ne5 26. Rd1 Nc6 27. Bf6 Rf8 28.
Rd6 Rac8 29. f4 Rc7 30. Be4 Kh7 31. Bxg6+ Kxg6 32. Bd8+ Kg7 33. Bxc7 Rxf4+ 34.
Kg3 Rf7 35. Bd8 Nxd8 36. Rxd8 a5 37. Rd5 1-0

[Event "London Classic Open 2017"]
[Site "London ENG"]
[Date "2017.12.05"]
[Round "5.10"]
[White "Baenziger, Fabian"]
[Black "Iturrizaga Bonelli, Eduardo"]
[Result "1/2-1/2"]
[WhiteTitle "FM"]
[BlackTitle "GM"]
[WhiteElo "2400"]
[BlackElo "2665"]
[WhiteFideId "1330110"]
[BlackFideId "3901211"]
[EventDate "2017.12.02"]

1. c4 c5 2. Nc3 b6 3. Nf3 Bb7 4. e3 Nf6 5. d4 cxd4 6. exd4 e6 7. Be2 Bb4 8. Qb3
Na6 9. O-O O-O 10. Bg5 h6 11. Bh4 Be7 12. Rad1 Nc7 13. Rfe1 d5 14. c5 Rb8 15.
cxb6 axb6 16. Ne5 Nce8 17. Bd3 Nd6 18. a4 Nfe4 19. Bxe7 Qxe7 20. f3 Nxc3 21.
Qxc3 Rfc8 22. Qb4 Qd8 23. g3 Nc4 24. Ng4 b5 25. axb5 Ba6 26. Bxc4 dxc4 27. Re5
Qd7 28. Qc3 Rxb5 29. Rxb5 Qxb5 30. Ne3 Bb7 31. Kg2 Qh5 32. g4 Qg5 33. Kg3 h5 34.
h4 Qd8 35. d5 Qd6+ 36. f4 hxg4 37. h5 exd5 38. Nf5 d4 39. Nxd6 dxc3 40. bxc3 Bf3
41. Rd4 1/2-1/2

[Event "London Classic Open 2017"]
[Site "London ENG"]
[Date "2017.12.05"]
[Round "5.11"]
[White "Nabaty, Tamir"]
[Black "McDonald, Neil"]
[Result "1-0"]
[WhiteTitle "GM"]
[BlackTitle "GM"]
[WhiteElo "2657"]
[BlackElo "2397"]
[WhiteFideId "2809052"]
[BlackFideId "400629"]
[EventDate "2017.12.02"]

1. d4 d5 2. c4 e6 3. Nc3 Be7 4. Nf3 Nf6 5. Bf4 O-O 6. e3 b6 7. Bd3 Bb7 8. cxd5
exd5 9. O-O c5 10. Qe2 Nc6 11. dxc5 bxc5 12. Ba6 Qb6 13. Bxb7 Qxb7 14. Qb5 Qxb5
15. Nxb5 a6 16. Nc3 Rfd8 17. Rfd1 h6 18. Rac1 c4 19. Ne5 Na5 20. h4 Bb4 21. g4
Rac8 22. Na4 Bd6 23. Nb6 Rc5 24. Ned7 Rb5 25. Bxd6 Nxd7 26. Bc7 Re8 27. Nxd7 Nc6
28. Nb6 d4 29. Nxc4 1-0

[Event "London Classic Open 2017"]
[Site "London ENG"]
[Date "2017.12.05"]
[Round "5.12"]
[White "Zujev, Oleg"]
[Black "Maze, Sebastien"]
[Result "0-1"]
[BlackTitle "GM"]
[WhiteElo "2381"]
[BlackElo "2614"]
[WhiteFideId "12801585"]
[BlackFideId "613762"]
[EventDate "2017.12.02"]

1. d4 d6 2. e4 Nf6 3. Nc3 g6 4. Be3 c6 5. h3 b5 6. e5 dxe5 7. dxe5 Nfd7 8. f4
Bg7 9. Nf3 Qc7 10. a4 b4 11. Ne4 Nb6 12. c4 Bf5 13. Nc5 N6d7 14. Nh4 Nxc5 15.
Nxf5 gxf5 16. Bxc5 Bxe5 17. Bd4 Bxd4 18. Qxd4 O-O 19. O-O-O c5 20. Qe3 Nc6 21.
g4 Rad8 22. Rd5 e6 23. Rxd8 Rxd8 24. gxf5 Qd6 25. Bg2 Nd4 26. fxe6 Qxe6 27. Qxe6
fxe6 28. Be4 Rf8 29. Rg1+ Kh8 30. Kd2 Rxf4 31. Ke3 Rh4 32. Rg5 Rxh3+ 33. Kf4
Ne2+ 34. Ke5 Re3 35. Kxe6 Rxe4+ 36. Kd5 Re8 37. Kxc5 Rg8 38. Rd5 Nf4 39. Rd7 h5
40. Kxb4 h4 41. c5 h3 42. c6 h2 43. Rd1 Nd5+ 0-1

[Event "London Classic Open 2017"]
[Site "London ENG"]
[Date "2017.12.05"]
[Round "5.13"]
[White "Moussard, Jules"]
[Black "Milliet, Sophie"]
[Result "1-0"]
[WhiteTitle "GM"]
[BlackTitle "IM"]
[WhiteElo "2576"]
[BlackElo "2392"]
[WhiteFideId "642908"]
[BlackFideId "623725"]
[EventDate "2017.12.02"]

1. Nf3 c5 2. g3 Nc6 3. Bg2 g6 4. O-O Bg7 5. e4 d6 6. c3 e5 7. d3 Nge7 8. a3 O-O
9. Nbd2 h6 10. b4 a6 11. Re1 Be6 12. Bb2 b5 13. Nb3 Qb6 14. Bc1 c4 15. dxc4 bxc4
16. Nbd2 a5 17. Bb2 f5 18. Qe2 fxe4 19. Nxe4 d5 20. Nc5 Bf5 21. Nd2 Bd3 22. Qe3
e4 23. Ne6 Qxe3 24. Rxe3 axb4 25. Nxg7 d4 26. cxb4 dxe3 27. fxe3 Nd8 28. Nxe4
Bxe4 29. Bxe4 Rc8 30. Rc1 Kh7 31. Nh5 c3 32. Rxc3 Ndc6 33. Rc2 Ng8 34. Rxc6 Rxc6
35. Bxc6 Rc8 36. b5 Rd8 37. Bd4 Ne7 38. Nf6+ Kg7 39. Nd5+ Kf7 40. Nxe7 Kxe7 41.
a4 1-0